ბათუმის შოთა რუსთაველის სახელმწიფო უნივერსიტეტის ბიბლიოთეკა

Flipnosis. The art of Split-Second Persuasion (ბიბ.ჩანაწერი № 47501)

000 -LEADER
fixed length control field 00506nam a2200217Ia 4500
001 - CONTROL NUMBER
control field 14365
003 - CONTROL NUMBER IDENTIFIER
control field GE_BSU
008 - FIXED-LENGTH DATA ELEMENTS--GENERAL INFORMATION
fixed length control field 181216s||||||||xx |||||||||||||| ||und||
020 ## - INTERNATIONAL STANDARD BOOK NUMBER
International Standard Book Number 9780099505624
040 ## - CATALOGING SOURCE
Transcribing agency GE_BSU
080 ## - UNIVERSAL DECIMAL CLASSIFICATION NUMBER
Universal Decimal Classification number 615.8
100 ## - MAIN ENTRY--PERSONAL NAME
Personal name Dutton,Kevin
245 ## - TITLE STATEMENT
Title Flipnosis. The art of Split-Second Persuasion
260 ## - PUBLICATION, DISTRIBUTION, ETC.
Place of publication, distribution, etc. London
260 ## - PUBLICATION, DISTRIBUTION, ETC.
Name of publisher, distributor, etc. Arrow books
260 ## - PUBLICATION, DISTRIBUTION, ETC.
Date of publication, distribution, etc. 2010
300 ## - PHYSICAL DESCRIPTION
Extent 392p.20cm.
653 ## - INDEX TERM--UNCONTROLLED
Uncontrolled term Flipnosis
653 ## - INDEX TERM--UNCONTROLLED
Uncontrolled term The art of Split-Second Persuasion
942 ## - ADDED ENTRY ELEMENTS (KOHA)
Koha item type წიგნი
ეგზემპლარები
Withdrawn status Lost status Damaged status Not for loan Date acquired Barcode Date last seen Price effective from Koha item type
        2018-12-17 37321 2018-12-17 2018-12-17 წიგნი